Metodologické východiská výskumu dejín vzniku a vývoja svetovej socialistickej sústavy

Bibliographic Details
Main Author: Čierna, Dagmar, 1941-2015 (Author)
Format: Article
Language:Slovak
Subjects:

MARC

LEADER 00000nab a2200000 a 4500
001 vtls000134635
003 SK-MaSNL
005 20260304050328.0
008 250422c1982 xo 0 slo
015 |a SNBRB19rr/mm-uuuuu 
035 |a CL0144741 
035 |a (urnnbn)urn:nbn:sk:snk:ar-004vvl 
035 |a (uuid)7f7acad2-4f26-425c-a463-17a67104e93f 
035 |a urn:nbn:sk:snk-ab7y8e 
040 |a SNKBUCL  |b slo  |c SNKBUCL  |e AACR2 
041 0 |a slo 
044 |a xo  |c SK 
080 |a 1 100.58  |2 1981 
080 |a 001.8  |2 1981 
100 1 |a Čierna, Dagmar,  |d 1941-2015  |4 aut  |9 224027 
245 1 0 |a Metodologické východiská výskumu dejín vzniku a vývoja svetovej socialistickej sústavy  |c Dagmar Čierna-Lantayová 
650 0 7 |a socializmus  |2 snkbucl  |9 2151 
655 7 |a články z novín a časopisov  |2 snkbucl  |9 267496 
773 0 |t Historický časopis  |g Roč. 30, č. 5 (1982), s. 721-730 
850 |a Slovenská národná knižnica 
852 |a Slovenská národná knižnica 
954 |a odborná, vedecká literatúra pôvodná (slovenská)  |2 lita 
958 |a article9 
958 |a OND 
958 |a RK 
958 |a EUIPO 
992 |a RBX 
999 |c 2697742  |d 2699672